[Event "GER-chT Nord-West U20"]
[Site "Germany"]
[Date "2006.10.07"]
[Round "?"]
[White "Moshtael, Wesal"]
[Black "Schulze, Dorothee"]
[Result "0-1"]
[WhiteElo "2024"]
[BlackElo "1971"]
[PlyCount "116"]
[EventDate "2006.09.24"]
[EventType "team"]
[EventRounds "9"]
[EventCountry "GER"]
[SourceTitle "EXT 2008"]
[Source "ChessBase"]
[SourceDate "2007.11.25"]
[SourceVersion "1"]
[SourceVersionDate "2007.11.25"]
[SourceQuality "1"]

1. e4 c5 2. Nf3 d6 3. d4 cxd4 4. Qxd4 Nc6 5. Bb5 Bd7 6. Bxc6 Bxc6 7. Nc3 Nf6 8. Bg5 e5 9. Qd3 Be7 10. 0-0-0 Qb6 11. Nd2 Rd8 12. Nc4 Qc7 13. Ne3 h6 14. Bxf6 Bxf6 15. Ncd5 Bxd5 16. Nxd5 Bg5+ 17. Kb1 Qd7 18. h4 Be7 19. f4 exf4 20. Rdf1 g5 21. hxg5 Bxg5 22. Qd4 Rg8 23. Rxh6 Qc6 24. Rh3 Qc5 25. Qa4+ b5 26. Qxb5+ Qxb5 27. Nc7+ Kd7 28. Nxb5 Rb8 29. c4 a6 30. Nc3 Bf6 31. Rf2 Be5 32. b3 Rg4 33. Nd5 Rbg8 34. Rh7 Ke8 35. Nc7+ Kf8 36. Rh3 Rxg2 37. Rhf3 Rxf2 38. Rxf2 Rg3 39. Nxa6 f3 40. Rf1 Bd4 41. Kc2 f2 42. Kd2 Ke7 43. Nc7 Rg1 44. Nd5+ Ke6 45. Ke2 Ke5 46. b4 Kxe4 47. b5 f5 48. b6 f4 49. b7 f3+ 50. Kd2 Rg8 51. Rxf2 Rb8 52. Rh2 f2 53. Ke2 Rxb7 54. Rh4+ Ke5 55. Rh5+ Ke6 56. Nf4+ Kf6 57. Rb5 Re7+ 58. Kf1 Re1+ 0-1

[Event "GER-chT U16"]
[Site "Dittrichshuette"]
[Date "2004.12.30"]
[Round "6"]
[White "Weber, Max1111"]
[Black "Moshtael, Wesal"]
[Result "1-0"]
[WhiteElo "1877"]
[BlackElo "1902"]
[PlyCount "125"]
[EventDate "2004.12.27"]
[EventType "team"]
[EventRounds "6"]
[EventCountry "GER"]
[SourceTitle "EXT 2006"]
[Source "ChessBase"]
[SourceDate "2005.11.24"]
[SourceVersion "1"]
[SourceVersionDate "2005.11.24"]
[SourceQuality "1"]

1. c4 Nf6 2. Nc3 c5 3. e4 d6 4. Nf3 Bg4 5. Be2 Nc6 6. d3 g6 7. h3 Bxf3 8. Bxf3 Bg7 9. g3 0-0 10. Be3 Ne8 11. Qd2 Nc7 12. h4 Ne6 13. h5 Ned4 14. Bd1 Ne5 15. Kf1 f5 16. hxg6 hxg6 17. Bh6 Rf7 18. Bxg7 Rxg7 19. exf5 Nxf5 20. Kg2 e6 21. Be2 Qf6 22. Ne4 Qe7 23. b4 b6 24. a3 d5 25. Ng5 Nf7 26. Nf3 Rd8 27. cxd5 Rxd5 28. Rac1 e5 29. Qa2 Qb7 30. bxc5 Rxc5 31. Rxc5 bxc5 32. Kg1 Kf8 33. Qe6 Qb6 34. Ng5 N7h6 35. Qxb6 axb6 36. Ne6+ Kf7 37. Nxg7 Kxg7 38. Kg2 Nd4 39. Bf3 Nhf5 40. a4 Nd6 41. Rd1 b5 42. axb5 N6xb5 43. Rc1 Nb3 44. Rc4 N5d4 45. Bd1 Nd2 46. Rxc5 Kf6 47. f3 Ke6 48. Kf2 Kd6 49. Ra5 Nc6 50. Ra1 Nd4 51. Ke3 Nf1+ 52. Kf2 Nd2 53. Ra6+ Kc5 54. Rxg6 Kb4 55. Rg5 Nc6 56. Ke3 Nb1 57. f4 exf4+ 58. gxf4 Nc3 59. Bf3 Ne7 60. Re5 Nc8 61. f5 Nd6 62. f6 Nf7 63. Re7 1-0